000
00307nam a2200121 4500
999
_c
14816
_d
14816
020
_a
978933257520
082
_a
028.702
100
_a
Thorpe Edgar
_9
2034
245
_a
General knowledge manual 2017
260
_a
Noida
_b
Pearson India private limited
_c
2017
650
_a
General Knowledge
_9
2035
942
_c
BK